00976nam a22002657a 4500001000400000003001000004005001700014008004100031020001800072040002500090080002100115090002100136245014000157260003800297300002000335504002500355650002300380650002800403650004800431700004400479700003700523942001200560952012500572999001300697277BR-CuiBMT20231025201327.0230919s2010 mgb 000 0 por d a9788577004041 aBR-CuiBMTcBR-CuiBMT 22007a347.91/.95 a347.91/.95bR33200aReforma do processo civil :bperspectivas constitucionais /cFlaviane de Magalhães Barros, Jose Luis Bolzan de Morais, coordenadores. aBelo Horizonte :bFórum,c2010. a305 p. ;c22 cm aInclui bibliografia. aDireito processual aProcesso constitucional aDireito processualxProcesso civilxReforma1 aBarros, Flaviane de Magalhães4coord.1 aMorais, Jose Luis Bolzan4coord. 2udccLV 00102udc4070aBIBTCEMTbBIBTCEMTd2023-07-28l0o347.91/.95 R332pBIBTCEMT23090059r2023-09-19tEx. 1w2023-09-19yLV c277d277